Η επαγγελματική παρουσία της γυναίκας στο χώρο της υγείας : διερεύνηση των κάθετων και οριζοντίων διαφοροποιήσεων σε νοσοκομειακούς χώρους : μεταπτυχιακή εργασία

Αποθηκεύτηκε σε:
Λεπτομέρειες βιβλιογραφικής εγγραφής
Κύριος συγγραφέας: Τράντα, Ελισάβετ
Άλλοι συγγραφείς: Φώκιαλη, Περσεφόνη (Εισηγητής διατριβής)
Μορφή: Thesis Βιβλίο
Γλώσσα:Greek
Δημοσίευση: Ρόδος : Πανεπιστήμιο Αιγαίου, Σχολή Ανθρωπιστικών Επιστημών, Τ.Ε.Π.Α.Ε.Σ., 2007
Θέματα:
Διαθέσιμο Online:http://hdl.handle.net/11610/13834
Ετικέτες: Προσθήκη ετικέτας
Δεν υπάρχουν, Καταχωρήστε ετικέτα πρώτοι!

MARC

LEADER 00000cam a2200000 i 4500
001 1/46882
008 070626s2007 gre d
035 |l 10088493 
040 |a GR-MY-UA  |b gre  |e aacr 
041 0 |a gre 
082 0 |a 331.47  |2 (22) 
100 1 |a Τράντα, Ελισάβετ. 
245 1 2 |a Η επαγγελματική παρουσία της γυναίκας στο χώρο της υγείας :   |b διερεύνηση των κάθετων και οριζοντίων διαφοροποιήσεων σε νοσοκομειακούς χώρους : μεταπτυχιακή εργασία /   |c Τράντα Ελισάβετ ; τριμελής επιτροπή: Φώκιαλη Περσεφόνη(επόπτρια), Βιτσιλάκη Χρύση, Βρυωνίδης Μάριος. 
260 |a Ρόδος :   |b Πανεπιστήμιο Αιγαίου, Σχολή Ανθρωπιστικών Επιστημών, Τ.Ε.Π.Α.Ε.Σ.,   |c 2007 
300 |a 172 σ.;  |b εγχρ. εικ., σχεδ., πιν.;  |c 30 εκ. 
502 |a Διατριβή (μεταπτυχιακή) – Πανεπιστήμιο Αιγαίου, Ρόδος, 2007. 
504 |a Βιβλιογραφία: σ. 155-161 
610 2 0 |a University of the Aegean  |x Dissertations. 
650 0 0 |a Women  |x Employment  |z Greece. 
650 0 0 |a Health services administrators. 
650 0 0 |a Dissertations, Academic  |z Greece. 
700 1 |a Φώκιαλη, Περσεφόνη.  |4 ths 
852 |a INST  |b RHODES  |c DIATR  |e 20070626  |h 331.47 ΤΡΑ  |p 005400026332  |q 005400026332  |t MTXE  |y 23 
852 |a INST  |b RHODES  |c DIATR  |e 20070627  |h 331.47 ΤΡΑ  |p 005400026344  |q 005400026344  |t MTXE  |y 23 
856 |u http://hdl.handle.net/11610/13834 
901 |a BIBL4-2007-2 
909 |a Ρ  |b 127990 
924 |a ΤΡΑΝΤΑ  |b ΕΛΙΣΑΒΕΤ  |y ΡΟΔΟΣ  |z 2007-06 
970 |a ΜΙΣΣΟΣ  |b ΣΤΑΥΡΟΣ  |z 2007/06/26